Statistics for Lexus Car Models by Picture

Click here to take the quiz!

General Stats

  • This quiz has been taken 15 times
  • The average score is 10 of 16

Answer Stats

Answer% Correct
IS 350
90%
RX 350
90%
LX 600
80%
ES 300h
70%
GS 350
70%
LC 500
70%
LS 500h
70%
NX300h
70%
RC F
70%
UX
70%
CT200h
60%
GX 470
60%
LM300h
40%
LBX
30%
TX 350
30%
RZ 450e
20%

Score Distribution

Percentile by Number Answered

Percent of People with Each Score

Your Score History

You have not taken this quiz